| 000 | 004150000a22001570004500 | ||
|---|---|---|---|
| 020 | _a84-206-1348-7 | ||
| 041 | 0 | _aSPA | |
| 082 | 0 | 4 | _aG 843.91 S1329p |
| 100 | 1 | _aSaint Exupéry, Antoine | |
| 245 | 1 | 0 | _aEl principito / Antoine de Saint Exupéry ; Bonifacio del Carril, Traductor |
| 260 | _aMadrid : Alianza | ||
| 300 | _a116 Pag | ||
| 500 | _aTítulo original : Le petit prince | ||
| 001 | 13328 | ||
| 942 | _cBK | ||
| 999 |
_c42309 _d42309 |
||